| 000 | 00322nam a22001217a 4500 | ||
|---|---|---|---|
| 020 | _a9781416502494 | ||
| 082 |
_222 _a158.1 |
||
| 100 | _aCovery, Stephen R. | ||
| 245 | _aThe 7 habits of highly effective people / | ||
| 260 |
_aLondon, _bSimon and Schuster, _cc2004. |
||
| 300 |
_a372p. ; _bill. ; _c20 cm. |
||
| 942 |
_2ddc _cIT _01 |
||
| 999 |
_c2264 _d2264 |
||